000 00394nam a2200157Ia 4500
008 181130s2018 xx 000 0 und d
100 _aSadian, Samuel
245 _aConsumer studies as critical social theory
260 _c2018
300 _ap.273-303.
504 _dJun
650 _aConsumers
650 _aSocial theory
773 _aSocial Science Information
906 _aConsumers
999 _c506267
_d506267